|
|
|
|
| LEADER |
01052nam a2200277 a 4500 |
| 001 |
000060063 |
| 003 |
CZ BrMZK |
| 005 |
20070823180414.0 |
| 008 |
010907s1994 xr f cze d |
| 040 |
|
|
|a BOA001
|b cze
|
| 080 |
|
|
|a 33(437.1/.2):070.486
|2 MRF
|
| 080 |
|
|
|a 33(437.6):070.486
|2 MRF
|
| 080 |
|
|
|a 070.486:33(437.1/.2)
|2 MRF
|
| 080 |
|
|
|a 070.486:33(437.6)
|2 MRF
|
| 100 |
1 |
|
|a Šroněk, Ivan,
|d 1923-
|7 jk01131031
|4 aut
|
| 245 |
1 |
0 |
|a Zahraniční tisk o ekonomice České republiky a Slovenské republiky /
|c Ivan Šroněk, Karel Duda.
|
| 260 |
|
|
|a Praha :
|b Národní informační středisko České republiky,
|c 1994
|
| 300 |
|
|
|a 24 s. ;
|c 30 cm
|
| 490 |
1 |
|
|a SAS ;
|v 3083
|
| 653 |
0 |
|
|a česká ekonomika
|a slovenská ekonomika
|a zahraniční tisk
|
| 700 |
1 |
|
|a Duda, Karel,
|c ekonomika
|4 aut
|
| 710 |
2 |
|
|a Národní informační středisko pro poradenství
|7 kn20030609005
|
| 830 |
|
0 |
|a SAS
|
| 910 |
|
|
|a BOA001
|b TK-A-0258.256
|
| 990 |
|
|
|a BK
|
| 996 |
7 |
|
|b 2620002906
|c TK-A-0258.256
|l MZK
|r Sklad / do 24 hodin
|n 4
|p kup
|w 000060063
|u 000010
|a 1
|e BOA001
|j MZK50
|s A
|